Nennen Sie die Päpste - Statistiken

Allgemein
  • Dieses Quiz wurde 139 mal gespielt
  • Das Durchschnittsergebnis liegt bei 21 aus 81
Antwortstatistiken
# Name % Korrekt
21 Johannes
89%
17 Benedikt
88%
14 Leo
86%
12 Pius
76%
1 Franziskus
75%
6 Paul
75%
1 Petrus
68%
2 Johannes Paul
65%
8 Urban
58%
16 Gregor
57%
13 Innozenz
51%
14 Clemens
43%
7 Alexander
40%
3 Julius
34%
9 Stephan
32%
3 Silvester
31%
1 Linus
29%
3 Viktor
29%
8 Bonifatius
28%
3 Martin
26%
1 Anaklet
25%
2 Marcellus
25%
3 Felix
24%
5 Coelestin
23%
1 Marcus
23%
3 Anastasius
22%
1 Anicetus
22%
1 Cornelius
22%
1 Evaristus
22%
3 Lucius
22%
1 Telesphorus
22%
2 Theodor
22%
3 Calixt
21%
1 Hyginus
21%
1 Soterus
21%
1 Anterus
20%
2 Damasus
20%
1 Fabianus
20%
1 Marcellinus
20%
1 Dionysius
19%
1 Eleutherus
19%
1 Eusebius
19%
1 Konstantin
19%
1 Liberius
19%
1 Pontianus
19%
5 Xistus
19%
1 Zephyrinus
19%
1 Cajus
18%
1 Eutychianus
18%
1 Miltiades
18%
1 Siricius
18%
2 Agapitus
17%
6 Hadrian
17%
1 Hilarius
17%
4 Honorius
17%
5 Nikolaus
16%
2 Pelagius
16%
4 Eugen
15%
2 Gelasius
15%
1 Simplicius
15%
1 Symmachus
15%
1 Zosimus
15%
1 Hormisdas
14%
1 Silverius
14%
1 Vigilius
14%
2 Adeodatus
13%
1 Severinus
13%
1 Sabinianus
12%
4 Sergius
12%
1 Konon
11%
1 Agatho
10%
1 Donus
10%
1 Sisinnius
10%
1 Valentin
10%
1 Vitalian
10%
2 Paschalis
8%
2 Marinus
7%
1 Lando
6%
1 Zacharius
6%
1 Romanus
3%
1 Formosus
2%
Keine übereinstimmenden Quizze gefunden
Verteilung der Resultate
Anzahl Personen mit jedem Resultat
Perzentil nach korrekt beantworteten Fragen
Ihre Resultats-Entwicklung
Sie haben dieses Quiz noch nicht gespielt